EFFECT OF EDUCATION MANAGEMENT INFORMATION SYSTEM AT THE COLLEGE-LEVEL IN BANGLADESH / (Record no. 81671)
[ view plain ]
| 000 -LEADER | |
|---|---|
| fixed length control field | 00968nam a2200241 a 4500 |
| 001 - CONTROL NUMBER | |
| RUCL Control Number | 81671 |
| 003 - CONTROL NUMBER IDENTIFIER | |
| rucl marc code | BD-RjUL |
| 005 - DATE AND TIME OF LATEST TRANSACTION | |
| control field | 20230821134524.0 |
| 008 - FIXED-LENGTH DATA ELEMENTS--GENERAL INFORMATION | |
| fixed length control field | 230810s2021 bg a|||| m||| 00| 0 eng d |
| 035 ## - SYSTEM CONTROL NUMBER | |
| system control number | (BD-RjUL)81671 |
| 040 ## - CATALOGING SOURCE | |
| Original cataloging agency | BD-RjUL |
| Language of cataloging | eng |
| Transcribing agency | BD-RjUL |
| Modifying agency | BD-RjUL |
| 041 ## - LANGUAGE CODE | |
| Language code of Book | eng |
| 082 ## - DEWEY DECIMAL CLASSIFICATION NUMBER | |
| DDC Edition number | 23 |
| Classification number | 378.15 |
| Author mark and Year | CHE 2021 |
| 100 ## - MAIN ENTRY--PERSONAL NAME | |
| Personal name | Chowdhary, Sushanta Roy |
| 9 (RLIN) | 8300 |
| 245 10 - TITLE STATEMENT | |
| Title | EFFECT OF EDUCATION MANAGEMENT INFORMATION SYSTEM AT THE COLLEGE-LEVEL IN BANGLADESH / |
| Statement of responsibility, etc | Sushanta Roy Chowdhary ; |
| Name of Supervisor/Co-Supervisor | Supervisor : Sheikh M. Nurullah |
| 260 ## - PUBLICATION, DISTRIBUTION, ETC. (IMPRINT) | |
| Place of publication, distribution, etc | Rajshahi : |
| Name of publisher, distributor, etc | Institute of Education and Research (IER), University of Rajshahi, |
| Date of publication, distribution, etc | 2021. |
| 300 ## - PHYSICAL DESCRIPTION | |
| Pagination | [3], xxiii, 259 leaves : |
| Other physical details | ill.; |
| Dimensions | 29 cm. |
| 502 ## - DISSERTATION NOTE | |
| Dissertation note | Thesis(Ph.D.)-- Institute of Education and Research (IER),University of Rajshahi,2021 |
| 504 ## - BIBLIOGRAPHY, ETC. NOTE | |
| Bibliography, etc | References : Leaves 176-227 |
| 650 ## - SUBJECT ADDED ENTRY--TOPICAL TERM | |
| Topical term or geographic name as entry element | Higher education |
| General subdivision | Specific levels of College |
| 9 (RLIN) | 8301 |
| 700 ## - ADDED ENTRY--SUPERVISOR/CO-SUPERVISOR NAME | |
| Personal name | Nurullah, Sheikh M. Supervisor |
| 9 (RLIN) | 8302 |
| 942 ## - ADDED ENTRY ELEMENTS (KOHA) | |
| Source of classification or shelving scheme | Dewey Decimal Classification |
| Koha item type | Theses |
| Source of classification or shelving scheme | Damaged status | Not for loan | Collection code | Permanent Location | Current Location | Shelving location | Date of accession | Source of acquisition | Total Checkouts | Full call number | Barcode | Date last seen | Copy number | Thesis |
|---|---|---|---|---|---|---|---|---|---|---|---|---|---|---|
| Dewey Decimal Classification | Not For Loan | Theses | Central Library, University of Rajshahi | Central Library, University of Rajshahi | Documentation Section | 09/08/2023 | Controller of Exam. R.U. | THE 378.15 CHE 2021 | D4858 | 10/08/2023 | C-1 | Theses |